000 00965nam a2200265 i 4500
001 bg
100 1 _aHENRYKOWSKI, Wojciech
245 1 0 _aSystem oceny zgodności w Polsce :
_b(stan obecny i docelowy) /
_c[aut. Wojciech Henrykowski].
260 _aWarszawa :
_bUrząd Komitetu Integracji Europejskiej,
_c2001.
300 _a35, [1] s. :
_bil. ;
_c23 cm.
490 1 _aPrawo Unii Europejskiej na co Dzień. Przedsiębiorca w Unii Europejskiej
500 _aNumeracja serii gł.: 4.
504 _aWykaz aktów prawnych.
650 9 _aCertyfikacja zgodności
_xUnia Europejska
650 9 _aCertyfikacja zgodności
_zPolska
_yod 1989 r.
650 9 _aHarmonizacja prawa
_zPolska
830 0 _aPrawo Unii Europejskiej na co Dzień.
_pPrzedsiębiorca w Unii Europejskiej
020 _a8387913944
040 _cBPK
041 0 _apl
080 _a34:006.3/.8](438:4-67)
920 _a83-87913-94-4
942 _cKS
008 s pl f |000 0 pol
999 _c42605
_d42605
856 _uhttp://koha.tu.koszalin.pl/cgi-bin/koha/opac-detail.pl?biblionumber=42605
_yKatalog online BPK